| 000 | 00523pab a2200181 454500 | ||
|---|---|---|---|
| 008 | 180718b1998 xxu||||| |||| 00| 0 eng d | ||
| 100 | _aOgunu, M.A. | ||
| 245 | _aStrategies for effective generation and management of funds for higher education in Nigeria | ||
| 260 | _c1998 | ||
| 300 | _ap.41-44 | ||
| 362 | _a9 Feb | ||
| 650 | _aEducational finance - Nigeria | ||
| 650 | _aEducation, Higher - Nigeria | ||
| 650 | _aEducation - Nigeria | ||
| 650 | _aHigher education | ||
| 773 | _aUniversity News | ||
| 909 | _a36622 | ||
| 999 |
_c36622 _d36622 |
||